Promoting learner development: preventing and working with barriers to learning (Record no. 787089)

MARC details
000 -LEADER
fixed length control field 00554nam a22001817a 4500
003 - CONTROL NUMBER IDENTIFIER
control field 3228
005 - DATE AND TIME OF LATEST TRANSACTION
control field 20251008094624.0
008 - FIXED-LENGTH DATA ELEMENTS--GENERAL INFORMATION
fixed length control field 251008b sa ||||| |||| 00| 0 eng d
020 ## - INTERNATIONAL STANDARD BOOK NUMBER
International Standard Book Number <a href="9780627025013">9780627025013</a>
Qualifying information (pbk)
040 ## - CATALOGING SOURCE
Original cataloging agency RDA
Transcribing agency 3228
082 #0 - DEWEY DECIMAL CLASSIFICATION NUMBER
Classification number 371.90460968 PROM
942 ## - ADDED ENTRY ELEMENTS
Creator ID 470
Creator Name Patience Mbowane
Modifier ID 470
Modifier Name Patience Mbowane
100 ## - MAIN ENTRY--PERSONAL NAME
Personal name Engelbrecht, Petra & Green Lena (editors)
245 ## - TITLE STATEMENT
Title Promoting learner development: preventing and working with barriers to learning
260 ## - PUBLICATION, DISTRIBUTION, ETC.
Place of publication, distribution, etc. Pretoria
Name of publisher, distributor, etc. Van Schaik Publishers
Date of publication, distribution, etc. 2001
300 ## - PHYSICAL DESCRIPTION
Extent viii, 251 Pages
Other physical details Illustrations
521 ## - TARGET AUDIENCE NOTE
Target audience note Adult
942 ## - ADDED ENTRY ELEMENTS
Source of classification or shelving scheme Dewey Decimal Classification
item type Book
Holdings
Withdrawn status Lost status Source of classification or shelving scheme Damaged status Not for loan Collection code Home library Current library Shelving location Date acquired Inventory number Total Checkouts Full call number Barcode Date last seen Price effective from item type
    Dewey Decimal Classification     300: Social Science Mafemani Mafemani Non Fiction 08.10.2025 3322810016000   371.90460968 PROM 3300610006105 08.10.2025 08.10.2025 Book
    Dewey Decimal Classification     300: Social Science Mafemani Mafemani Non Fiction 14.10.2025     371.90460968 PROM 3300610006089 14.10.2025 14.10.2025 Book